000 00361nam a2200133Ia 4500
008 220217s9999||||xx |||||||||||||| ||und||
082 _a510 KES
100 _aKeshvan, H.R Singaperumal, Y.G
245 0 _aEngineering mathematics-II
250 _a1st
260 _aUnited publishers
_bMangalore
_c1999
300 _aII, 536p.
_b150
650 _aMATHEMATICS
999 _c165039
_d165039